| 000 | 004280000a22001810004500 | ||
|---|---|---|---|
| 003 | MACL | ||
| 005 | 20151219142340.0 | ||
| 008 | 151219b xxu||||| |||| 00| 0 eng d | ||
| 040 |
_aMACL _cMACL |
||
| 041 | _aEnglish | ||
| 082 | _a582.16/MEN | ||
| 100 |
_aMenon, Dr Subhadra _921430 |
||
| 245 | _aTrees of India | ||
| 260 |
_bTimeless Books _c2000 |
||
| 350 | _a1800 | ||
| 650 |
_aPlants _95537 |
||
| 942 |
_cBK _k582.16/MEN _2ddc |
||
| 999 |
_c40171 _d40171 |
||